LEADER 01167nam a2200253 i 4500 001 000000136778 003 CaOOAMICUS 005 20060914000000.0 008 060914s1990 it u000 u ita u 013 $a110497 040 $aSeMil$bita 100 1 $aEsposito, Rosario Francesco,$c.$0(OLS)http://semarc/name/2714 245 10$aDon Giovanni Battista Quilici :$bApostolo di Livorno, Riformatore sociale /$cRosario F. Esposito. 260 $aLivorno :$bIst. S. M. Maddalena,$c1990. 260 $aRoma :$bFiglie del Crocifisso,$c1990. 300 $a945 p., [8] p. di tav. :$bill. ;$c25 cm. 500 $aContiene : Bibliografia. 600 14$aQuilici, Giovanni Battista <1791-1844>.$0(OLS)http://semarc/subject/26888 850 $aSeMil 852 $aSeMil$W1$xVenegono$y1$m3G IV 205$j90363$B90363$CSeMilBibl$Z2$F117210 $81 961 $aRecupero: Altro 996 $6245$aDon Giovanni Battista Quilici :$bApostolo di Livorno, Riformatore sociale$9(OLS)http://semarc/title/199848 996 $6260$aRoma :$bFiglie del Crocifisso$9(OLS)http://semarc/publisher/47003 996 $6260$aLivorno :$bIst. S. M. Maddalena$9(OLS)http://semarc/publisher/47004 LEADER 01030nam a2200241 4500 001 000000335135 003 CaOOAMICUS 005 20190718121112.0 008 190718s2014 bl 000 u por r 020 $a978-85-349-3829-7 040 $aSeMil$bita 245 10$a1: Crise e busca de sentido hoje :$b(parte crítico-analítica) 264 1$aSão Paulo :$bPaulus,$c2014. 300 $a574 p. ;$c23 cm 700 1 $aBoff, Clodovis <1944- >.$0(OLS)http://semarc/name/21833 773 0 $aBoff, Clodovis <1944- >$tLivro do sentido.$dSão Paulo : Paulus, 2014-$g1$w()335134 850 $aSeMil 852 $aSeMil$W1$xVenegono$y1$m2P VI 561$j215541$B227144$CSeMilBibl$Z2$F227144 $81 961 $aAntonelli don Mario - Omaggio 996 $6020$a978-85-349-3829-7$9(OLS)http://semarc/number/288028 996 $6245$a1: Crise e busca de sentido hoje :$b(parte crítico-analítica)$9(OLS)http://semarc/title/424665 996 $6264$aSão Paulo :$bPaulus$9(OLS)http://semarc/publisher/53309